All Main Eminem Albums - Statistics

General Stats
  • This quiz has been taken 22 times
  • The average score is 82 of 197
Answer Stats
Hint Answer % Correct
The Marshall Mathers LP Kill You
88%
The Marshall Mathers LP Stan
88%
The Slim Shady LP Bitch
75%
The Marshall Mathers LP Bitch Please II
75%
Music to Be Murdered By Godzilla
75%
The Death of Slim Shady (Coup de Grâce) Habits
75%
The Marshall Mathers LP Kim
75%
The Slim Shady LP My Name Is
75%
The Slim Shady LP '97 Bonnie & Clyde
63%
The Slim Shady LP Bad Meets Evil
63%
Relapse Beautiful
63%
The Marshall Mathers LP Criminal
63%
Relapse Forever
63%
The Death of Slim Shady (Coup de Grâce) Fuel
63%
The Slim Shady LP Guilty Conscience
63%
The Death of Slim Shady (Coup de Grâce) Guilty Conscience 2
63%
The Death of Slim Shady (Coup de Grâce) Houdini
63%
The Slim Shady LP If I Had
63%
Encore Like Toy Soldiers
63%
The Death of Slim Shady (Coup de Grâce) Lucifer
63%
Encore Mockingbird
63%
Relapse Must Be The Ganja
63%
The Slim Shady LP My Fault
63%
The Slim Shady LP Paul
63%
The Slim Shady LP Public Service Announcement
63%
Encore Puke
63%
The Marshall Mathers LP 2 Rap God
63%
The Slim Shady LP Rock Bottom
63%
The Slim Shady LP Role Model
63%
The Death of Slim Shady (Coup de Grâce) Somebody Save Me
63%
The Eminem Show Superman
63%
The Marshall Mathers LP The Way I Am
63%
Kamikaze Venom
63%
The Eminem Show Without Me
63%
Relapse 3 a.m.
50%
Music to Be Murdered By – Side B Alfred's Theme
50%
The Death of Slim Shady (Coup de Grâce) Antichrist
50%
The Slim Shady LP As the World Turns
50%
The Marshall Mathers LP 2 Bad Guy
50%
Revival Bad Husband
50%
The Death of Slim Shady (Coup de Grâce) Bad One
50%
Relapse Bagpipes From Baghdad
50%
The Marshall Mathers LP 2 Berzerk
50%
Encore Big Weenie
50%
The Slim Shady LP Brain Damage
50%
The Death of Slim Shady (Coup de Grâce) Brand New Dance
50%
The Eminem Show Business
50%
The Eminem Show Cleanin' Out My Closet
50%
Recovery Cold Wind Blows
50%
Relapse Crack A Bottle
50%
Relapse Deja Vu
50%
The Eminem Show Drips
50%
The Marshall Mathers LP Drug Ballad
50%
Relapse Elevator
50%
Encore Encore/Curtains Down
50%
Relapse Hello
50%
The Slim Shady LP I'm Shady
50%
The Slim Shady LP Just Don’t Give a Fuck
50%
Encore Just Lose It
50%
Kamikaze Kamikaze
50%
The Slim Shady LP Ken Kaniff
50%
Recovery Love The Way You Lie
50%
Kamikaze Lucky You
50%
Music to Be Murdered By Marsh
50%
The Marshall Mathers LP Marshall Mathers
50%
Relapse My Mom
50%
Recovery No Love
50%
Recovery On Fire
50%
The Death of Slim Shady (Coup de Grâce) Renaissance
50%
Revival River
50%
The Slim Shady LP Soap
50%
The Eminem Show Soldier
50%
The Eminem Show Square Dance
50%
The Slim Shady LP Still Don't Give a Fuck
50%
The Marshall Mathers LP 2 The Monster
50%
The Marshall Mathers LP The Real Slim Shady
50%
The Eminem Show 'Till I Collapse
50%
The Death of Slim Shady (Coup de Grâce) Tobey
50%
The Marshall Mathers LP Under the Influence
50%
Recovery Untitled
50%
The Eminem Show White America
50%
Recovery W.T.P.
50%
The Marshall Mathers LP Amityville
38%
The Marshall Mathers LP 2 Baby
38%
The Marshall Mathers LP 2 Beautiful Pain
38%
Relapse Buffalo Bill
38%
The Slim Shady LP Come on Everybody
38%
Encore Crazy In Love
38%
Music to Be Murdered By Darkness
38%
Music to Be Murdered By – Side B Discombobulated
38%
Kamikaze Fall
38%
Revival Framed
38%
Music to Be Murdered By – Side B Gnat
38%
Recovery Going Through Changes
38%
Kamikaze Good Guy
38%
The Marshall Mathers LP 2 Groundhog Day
38%
The Eminem Show Hailie's Song
38%
The Marshall Mathers LP 2 Headlights
38%
Relapse Hell Breaks Loose
38%
The Marshall Mathers LP I'm Back
38%
Relapse Insane
38%
Revival In Your Head
38%
Music to Be Murdered By Little Engine
38%
Music to Be Murdered By Lock It Up
38%
The Marshall Mathers LP 2 Love Game
38%
Relapse Medicine Ball
38%
Encore Mosh
38%
Relapse Music Box
38%
The Eminem Show My Dad's Gone Crazy
38%
Music to Be Murdered By Never Love Again
38%
Kamikaze Nice Guy
38%
Music to Be Murdered By No Regrets
38%
Kamikaze Normal
38%
Recovery Not Afraid
38%
Kamikaze Not Alike
38%
Relapse Old Time's Sake
38%
Encore One Shot 2 Shot
38%
The Marshall Mathers LP Public Service Announcement 2000
38%
Encore Rain Man
38%
The Marshall Mathers LP Remember Me?
38%
Relapse Same Song & Dance
38%
The Eminem Show Say What You Say
38%
Music to Be Murdered By – Side B She Loves Me
38%
The Eminem Show Sing for the Moment
38%
Recovery Space Bound
38%
Relapse Stay Wide Awake
38%
Relapse Taking My Ball
38%
Recovery Talkin’ 2 Myself
38%
The Death of Slim Shady (Coup de Grâce) Temporary
38%
Kamikaze The Ringer
38%
Music to Be Murdered By – Side B Tone Deaf
38%
Relapse Underground
38%
Relapse We Made You
38%
The Eminem Show When the Music Stops
38%
The Marshall Mathers LP Who Knew
38%
The Marshall Mathers LP 2 Wicked Ways
38%
Recovery Won't Back Down
38%
Encore Yellow Brick Road
38%
Music to Be Murdered By – Side B Zeus
38%
Recovery 25 to Life
25%
Recovery Almost Famous
25%
Revival Arose
25%
The Marshall Mathers LP 2 Asshole
25%
Encore Ass Like That
25%
Revival Believe
25%
Music to Be Murdered By – Side B Black Magic
25%
Music to Be Murdered By – Side B Book of Rhymes
25%
The Marshall Mathers LP 2 Brainless
25%
Revival Castle
25%
Revival Chloraseptic
25%
Recovery Cinderella Man
25%
The Marshall Mathers LP 2 Desperation
25%
Relapse Drop The Bomb On 'Em
25%
The Death of Slim Shady (Coup de Grâce) Evil
25%
Encore Evil Deeds
25%
The Marshall Mathers LP 2 Evil Twin
25%
Kamikaze Greatest
25%
Music to Be Murdered By – Side B Guns Blazing
25%
The Death of Slim Shady (Coup de Grâce) Head Honcho
25%
Revival Heat
25%
Music to Be Murdered By – Side B Higher
25%
Music to Be Murdered By In Too Deep
25%
Music to Be Murdered By I Will
25%
Music to Be Murdered By – Side B Killer
25%
Music to Be Murdered By Leaving Heaven
25%
The Marshall Mathers LP 2 Legacy
25%
Revival Like Home
25%
Encore My 1st Single
25%
Revival Need Me
25%
Encore Never Enough
25%
Revival Nowhere Fast
25%
Revival Offended
25%
Revival Remind Me
25%
The Marshall Mathers LP 2 Rhyme or Reason
25%
The Death of Slim Shady (Coup de Grâce) Road Rage
25%
The Eminem Show Say Goodbye Hollywood
25%
Recovery Seduction
25%
Recovery So Bad
25%
The Marshall Mathers LP 2 So Far…
25%
The Marshall Mathers LP 2 So Much Better
25%
Encore Spend Some Time
25%
Music to Be Murdered By Stepdad
25%
Kamikaze Stepping Stone
25%
The Marshall Mathers LP 2 Stronger Than I Was
25%
The Marshall Mathers LP 2 Survival
25%
Music to Be Murdered By – Side B These Demons
25%
Music to Be Murdered By Those Kinda Nights
25%
Revival Tragic Endings
25%
Music to Be Murdered By Unaccommodating
25%
Revival Untouchable
25%
Revival Walk on Water
25%
Music to Be Murdered By Yah Yah
25%
Music to Be Murdered By You Gon’ Learn
25%
Recovery You're Never Over
25%
Music to Be Murdered By Farewell
13%
Music to Be Murdered By – Side B Favorite Bitch
13%
Music to Be Murdered By Premonition (Intro)
13%
No matching quizzes found
Score Distribution
Percent of People with Each Score
Percentile by Number Answered
Your Score History
You have not taken this quiz